<?xml version="1.0" encoding="UTF-8"?>
<record
    xmlns:xsi="http://www.w3.org/2001/XMLSchema-instance"
    xsi:schemaLocation="http://www.loc.gov/MARC21/slim http://www.loc.gov/standards/marcxml/schema/MARC21slim.xsd"
    xmlns="http://www.loc.gov/MARC21/slim">

  <leader>00884nam a22002297a 4500</leader>
  <controlfield tag="008">240604b        mp ||||| |||| 00| 0 mon d</controlfield>
  <datafield tag="020" ind1=" " ind2=" ">
    <subfield code="a">99929-0-472-0</subfield>
  </datafield>
  <datafield tag="035" ind1=" " ind2=" ">
    <subfield code="a">4655</subfield>
  </datafield>
  <datafield tag="040" ind1=" " ind2=" ">
    <subfield code="a">DA0445040</subfield>
    <subfield code="b">mon</subfield>
    <subfield code="c">MN-UlNLM</subfield>
    <subfield code="d">MN-UlNLM</subfield>
    <subfield code="e">rda</subfield>
  </datafield>
  <datafield tag="041" ind1=" " ind2=" ">
    <subfield code="a">mon</subfield>
  </datafield>
  <datafield tag="042" ind1=" " ind2=" ">
    <subfield code="a">14332</subfield>
  </datafield>
  <datafield tag="082" ind1=" " ind2=" ">
    <subfield code="2">21</subfield>
    <subfield code="a">591.68</subfield>
    <subfield code="b">&#x41A;.923</subfield>
  </datafield>
  <datafield tag="100" ind1=" " ind2=" ">
    <subfield code="a">&#x41A;&#x443;&#x43F;&#x43F;&#x44D;&#x440; &#x425;.</subfield>
  </datafield>
  <datafield tag="245" ind1=" " ind2="0">
    <subfield code="a">&#x425;&#x43E;&#x432;&#x43E;&#x440;&#x434;&#x441;&#x43E;&#x43D; &#x430;&#x43D; &#x430;&#x43C;&#x44C;&#x442;&#x430;&#x43D;</subfield>
  </datafield>
  <datafield tag="264" ind1=" " ind2=" ">
    <subfield code="a">&#x423;&#x43B;&#x430;&#x430;&#x43D;&#x431;&#x430;&#x430;&#x442;&#x430;&#x440;</subfield>
    <subfield code="b">&#x41C;&#x43E;&#x43D;&#x441;&#x443;&#x434;&#x430;&#x440; &#x445;&#x44D;&#x432;&#x43B;&#x44D;&#x43B;&#x438;&#x439;&#x43D; &#x433;&#x430;&#x437;&#x430;&#x440;</subfield>
  </datafield>
  <datafield tag="300" ind1=" " ind2=" ">
    <subfield code="a"> &#x445;.</subfield>
  </datafield>
  <datafield tag="336" ind1=" " ind2=" ">
    <subfield code="2">rdacontent</subfield>
    <subfield code="a">text</subfield>
    <subfield code="b">txt</subfield>
  </datafield>
  <datafield tag="337" ind1=" " ind2=" ">
    <subfield code="2">rdamedia</subfield>
    <subfield code="a">unmediated</subfield>
    <subfield code="b">n</subfield>
  </datafield>
  <datafield tag="338" ind1=" " ind2=" ">
    <subfield code="2">rdacarrier</subfield>
    <subfield code="a">volume</subfield>
    <subfield code="b">nc</subfield>
  </datafield>
  <datafield tag="650" ind1=" " ind2=" ">
    <subfield code="a">&#x42D;&#x43D;&#x44D; &#x434;&#x443;&#x433;&#x430;&#x430;&#x440;&#x430;&#x430;&#x441; &#x445;&#x4AF;&#x4AF;&#x445;&#x434;&#x4AF;&#x4AF;&#x434; &#x442;&#x430; &#x431;&#x4AF;&#x445;&#x44D;&#x43D; &#x445;&#x43E;&#x432;&#x43E;&#x440;&#x434;&#x43E;&#x436; &#x431;&#x430;&#x439;&#x433;&#x430;&#x430; &#x435;&#x441;&#x4E9;&#x43D; &#x437;&#x4AF;&#x439;&#x43B;&#x438;&#x439;&#x43D; &#x430;&#x43C;&#x44C;&#x442;&#x434;&#x44B;&#x433; &#x43C;&#x44D;&#x434;&#x44D;&#x436; &#x430;&#x432;&#x430;&#x445; &#x431;&#x43E;&#x43B;&#x43D;&#x43E;.  &#x425;&#x43E;&#x432;&#x43E;&#x440;&#x434;&#x43E;&#x436; &#x431;&#x443;&#x439; &#x430;&#x43C;&#x44C;&#x442;&#x430;&#x434;, &#x410;&#x43C;&#x44C;&#x442;&#x430;&#x434;, &#x425;&#x43E;&#x432;&#x43E;&#x440;&#x434;&#x441;&#x43E;&#x43D; &#x430;...</subfield>
  </datafield>
  <datafield tag="942" ind1=" " ind2=" ">
    <subfield code="2">10-t</subfield>
    <subfield code="c">BK</subfield>
  </datafield>
  <datafield tag="952" ind1=" " ind2=" ">
    <subfield code="0">0</subfield>
    <subfield code="1">0</subfield>
    <subfield code="4">0</subfield>
    <subfield code="6">bkmon</subfield>
    <subfield code="7">0</subfield>
    <subfield code="8">DA0443</subfield>
    <subfield code="a">DA0445040</subfield>
    <subfield code="b">DA0445040</subfield>
    <subfield code="c">DA0443</subfield>
    <subfield code="d">2024-06-05</subfield>
    <subfield code="g">1000.00</subfield>
    <subfield code="l">0</subfield>
    <subfield code="o">591.68 / &#x41A;.923</subfield>
    <subfield code="p">DA0444655-3-1</subfield>
    <subfield code="r">2024-06-05</subfield>
    <subfield code="t">27426</subfield>
    <subfield code="y">BK</subfield>
  </datafield>
  <datafield tag="952" ind1=" " ind2=" ">
    <subfield code="0">0</subfield>
    <subfield code="1">0</subfield>
    <subfield code="4">0</subfield>
    <subfield code="6">bkmon</subfield>
    <subfield code="7">0</subfield>
    <subfield code="8">DA0441</subfield>
    <subfield code="a">DA0445040</subfield>
    <subfield code="b">DA0445040</subfield>
    <subfield code="c">DA0441</subfield>
    <subfield code="d">2024-06-05</subfield>
    <subfield code="g">1000.00</subfield>
    <subfield code="l">0</subfield>
    <subfield code="o">591.68 / &#x41A;.923</subfield>
    <subfield code="p">DA0444655-1-1</subfield>
    <subfield code="r">2024-06-05</subfield>
    <subfield code="t">27525</subfield>
    <subfield code="y">BK</subfield>
  </datafield>
  <datafield tag="999" ind1=" " ind2=" ">
    <subfield code="c">741048</subfield>
    <subfield code="d">741105</subfield>
  </datafield>
</record>
